| 000 | 00501nam a22001577a 4500 | ||
|---|---|---|---|
| 003 | OSt | ||
| 005 | 20151118110828.0 | ||
| 008 | 151118b xxu||||| |||| 00| 0 eng d | ||
| 040 | _cRUA | ||
| 082 | _aFIS ហួត 1993 B153 Or.1 | ||
| 100 |
_93854 _aហួត សីុថារ៉ា |
||
| 245 | _aលក្ខណះជីវសាស្រ្តនិងការដាំដុះដើមប្របួយ | ||
| 260 |
_aPhnom Penh _bRUA _c1993 |
||
| 300 |
_a74p. _bill. _c29cm. |
||
| 942 |
_2ddc _cFIS |
||
| 999 |
_c3583 _d3583 |
||